Teoría y práctica de pozos artesianos y arte de alumbrar aguas / (Record no. 167537)

MARC details
000 -LEADER
campo de control de longitud fija 00977nam a2200241 i 4500
001 - NÚMERO DE CONTROL
campo de control 167537
003 - IDENTIFICADOR DE NÚMERO DE CONTROL
campo de control ES-MaACL
005 - FECHA Y HORA DE LA ÚLTIMA TRANSACCIÓN
campo de control 20240509145548.0
008 - DATOS DE LONGITUD FIJA--INFORMACIÓN GENERAL
campo de control de longitud fija 970218s1880 sp ab |||| | spa d
040 ## - FUENTE DE CATALOGACIÓN
Centro catalogador/agencia de origen CYL
Lengua de catalogación spa
Centro/agencia transcriptor CYL
080 ## - NÚMERO DE LA CLASIFICACIÓN DECIMAL UNIVERSAL
Número de la Clasificación Decimal Universal 628.112.23
080 ## - NÚMERO DE LA CLASIFICACIÓN DECIMAL UNIVERSAL
Número de la Clasificación Decimal Universal 628.11
100 1# - ENTRADA PRINCIPAL--NOMBRE DE PERSONA
Nombre de persona Vilanova y Piera, Juan,
Fechas asociadas al nombre 1821-1893
9 (RLIN) 114785
245 10 - MENCIÓN DEL TÍTULO
Título Teoría y práctica de pozos artesianos y arte de alumbrar aguas /
Mención de responsabilidad, etc. por Juan Vilanova y Piera.
260 ## - PUBLICACIÓN, DISTRIBUCIÓN, ETC.
Lugar de publicación, distribución, etc. Madrid :
Nombre del editor, distribuidor, etc. [s.n.],
Fecha de publicación, distribución, etc. 1880 (
Fabricante Imprenta y fundición de M. Tello)
300 ## - DESCRIPCIÓN FÍSICA
Extensión 593 p., [3] h. de grab. pleg., [1] h. de map. pleg. :
Otras características físicas il. ;
Dimensiones 23 cm.
599 ## - NOTA A LAS ILUSTRACIONES
NOTA A LAS ILUSTRACIONES Las h. de grab. lit. "A. Broise & Courtier, 43. R. de Dunkerque, París" "Lit. J. Pajares, Amor de Dios, 6 Madrid"
650 #7 - PUNTO DE ACCESO ADICIONAL DE MATERIA--TÉRMINO DE MATERIA
Término de materia o nombre geográfico como elemento de entrada Pozos artesianos
Fuente del encabezamiento o término
9 (RLIN) 136758
650 #4 - PUNTO DE ACCESO ADICIONAL DE MATERIA--TÉRMINO DE MATERIA
Término de materia o nombre geográfico como elemento de entrada Captación de aguas.
9 (RLIN) 152027
852 ## - LOCALIZACIÓN
Ubicación ES-MaACL
Número de control de estantería B-7965
Nota libre -- Enc. tela
852 ## - LOCALIZACIÓN
Ubicación ES-MaACL
Número de control de estantería F-12703
Nota libre .- Dedicatoria manuscrita del autor
Holdings
Estatus retirado Estado de pérdida Estado de daño No para préstamo Colección Biblioteca de origen Biblioteca actual Ubicación en estantería Fecha de adquisición Fuente de adquisición Total de préstamos Signatura topográfica completa Código de barras Visto por última vez Precio de reemplazo Tipo de ítem Koha
        Libros del s. XIX Biblioteca del Ateneo de Madrid Biblioteca del Ateneo de Madrid Sala Pecera Planta 2 10/01/2013     F-12703 1190639 23/02/2023 23/02/2023 Libro impreso antiguo
        Libros del s. XIX Biblioteca del Ateneo de Madrid Biblioteca del Ateneo de Madrid Sala Pardo Bazán 17/01/2008     B-7965 1175760 23/02/2023 23/02/2023 Libro impreso antiguo